[Event "IND-ch U15 Girls"]
[Site "New Delhi"]
[Date "2010.09.05"]
[Round "2"]
[White "Simranjeet, Kaur"]
[Black "Shweta, Gole"]
[Result "0-1"]
[WhiteElo "1610"]
[BlackElo "1814"]
[PlyCount "44"]
[EventDate "2010.09.04"]
[EventType "swiss"]
[EventRounds "11"]
[EventCountry "IND"]
[SourceTitle "CBM 138 Extra"]
[Source "ChessBase"]
[SourceDate "2010.10.29"]
[SourceVersion "1"]
[SourceVersionDate "2010.10.29"]
[SourceQuality "1"]

1. e4 c5 2. Nf3 d6 3. d4 cxd4 4. Nxd4 Nf6 5. Nc3 a6 6. Be2 e6 7. 0-0 Qc7 8. Be3 b5 9. a3 Bb7 10. f3 Nbd7 11. Bd3 Nc5 12. Qd2 Rd8 13. Rad1 d5 14. exd5 Bxd5 15. Nxd5 Nxd5 16. Qe2 Bd6 17. g3 Bxg3 18. hxg3 Qxg3+ 19. Kh1 Nxe3 20. Qxe3 Nxd3 21. Rxd3 Rd5 22. Nxe6 Rh5# 0-1